Sports Quiz

Random Sports Quiz

CZW Tournament of Death Participants Quiz Stats

 Plays Quiz not verified by Sporcle

Support Sporcle.
Go Orange.
Score 0/61 Timer 10:00
0 Plays Today
Answer % Correct
Zandig
92.7%
Nick Gage
89%
Nick Mondo
83%
Wifebeater
80.3%
Danny Havoc
78.4%
Necro Butcher
77.1%
MASADA
75.2%
Drake Younger
71.6%
DJ Hyde
71.1%
Jon Moxley
71.1%
Ian Rotten
68.3%
Rory Mondo
68.3%
JC Bailey
67%
Brain Damage
67%
Thumbtack Jack
66.5%
Scotty Vortekz
64.2%
Nate Hatred
61.9%
Lobo
61.5%
Sexxxy Eddy
60.6%
Matt Tremont
59.6%
Ruckus
59.2%
Messiah
58.3%
Mad Man Pondo
57.3%
Devon Moore
56.4%
Homeless Jimmy
53.2%
Abdullah Kobayashi
50.9%
Toby Klein
50%
Green Phantom
48.2%
Nate Webb
47.2%
Eddie Kingston
46.8%
Dustin Lee
46.3%
Answer % Correct
Corporal Robinson
45.9%
Mickie Knuckles
42.7%
Arsenal
42.2%
Lucky 13
41.7%
Chris Ca$h
39%
Beef Wellington
36.7%
Greg Excellent
36.2%
Deranged
35.8%
Insane Lane
34.4%
Adam Flash
33.9%
Andy Sumner
33.5%
Freakshow
33.5%
Robbie Mireno
32.1%
Drew Blood
31.7%
Dysfunction
31.7%
Pinkie Sanchez
30.7%
WHACKS
30.3%
Jaki Numazawa
29.8%
Joe Gacy
29.4%
xOMGx
28.9%
Masashi Takeda
28.4%
Ron Mathis
28%
Evil Ninja #2
26.6%
Ian Knoxxx
25.7%
Danny Demanto
23.9%
Ryan McBride
22%
Brandon Prophet
18.8%
Scot Summers
18.8%
Takumi Tsukamoto
16.1%
Kid USA
11.5%

You're not logged in!

Compare scores with friends on all Sporcle quizzes.
OR
Log In

From the Vault

Typing Challenge: 100 'Q' Words

by beforever

How quickly can you conquer this quiz?
Remove Ads.
Support Sporcle.
Get the best of Sporcle when you Go Orange. This ad-free experience offers more features, more stats, and more fun while also helping to support Sporcle. Thank you for becoming a member.

Show Comments

Extras

Created Oct 17, 2013ReportNominate
Tags:CZW

Top Quizzes Today


Score Distribution

Your Account Isn't Verified!

In order to create a playlist on Sporcle, you need to verify the email address you used during registration. Go to your Sporcle Settings to finish the process.

Report this User

Report this user for behavior that violates our Community Guidelines.

Details: